000
00319nam a22001337a 4500
008
210707s2014 xx 000 0 und d
041
_a
eng
082
_a
052 IC
100
_a
Mathew, Suresh
245
_a
Indian Currents
260
_b
Indian Currents.,
_c
2014
650
_a
Social Science
906
_a
Indian Currents
999
_c
179890
_d
179890